|
|
|
|
| LEADER |
00000nam a22000007a 4500 |
| 005 |
20110923145430.0 |
| 008 |
070103s2004 sp |||||| 000 ||spa|| |
| 017 |
|
|
|a DL SE. 4661-2006
|
| 020 |
|
|
|a 8497729188
|
| 035 |
|
|
|a 1748
|
| 040 |
|
|
|d vLex
|
| 080 |
|
|
|a 342.7(4)
|
| 090 |
|
|
|c 2566
|d 2566
|
| 100 |
1 |
|
|a Candela Soriano, M® Mercedes
|
| 245 |
1 |
4 |
|a Los Derechos humanos, la democracia y el estado de derecho en la accin̤ exterior de la Unin̤ Europea
|h [Recurso electrn̤ico] :
|b evolucin̤, actores, instrumentos y ejecucin̤ /
|c Maria Mercedes Candela Soriano
|
| 256 |
|
|
|a Servicio en ln̕ea.
|
| 260 |
|
|
|a Madrid :
|b Dykinson,
|c cop. 2006
|
| 300 |
|
|
|a 366 p.;
|c 24 cm
|
| 504 |
|
|
|a Bibliografa̕
|
| 506 |
1 |
|
|a Contenido solo disponible en los productos indicados
|d vLex Global
|d vLex Global (Academic Edition, excluding Law Schools)
|d vLex Global (U.S. Academic Edition, Law Schools)
|d vLex Global (U.S. Academic Edition, excluding Law Schools)
|d vLex Global (Academic Edition, Law Schools)
|
| 650 |
0 |
4 |
|a Derechos humanos
|z Unin̤ europea, Paises de la
|
| 650 |
0 |
4 |
|a Democracia
|z Unin̤ europea, Paises de la
|
| 651 |
|
4 |
|a Unin̤ europea, Paises de la
|x Polt̕ica exterior
|
| 740 |
0 |
|
|a vLex Libros (Servicio en ln̕ea)
|
| 856 |
4 |
1 |
|z Acceso restringido
|u http://vlex.com/source/derechos-humanos-democracia-estado-derecho-accion-exterior-union-europea-1748
|
| 942 |
|
|
|c BOOK
|